000
00248nam a2200097Ia 4500
001
643366
005
20250826153544.0
008
250824s9999 xx 000 0 und d
245
0
_a
GÖĞÜ YERE İNDİRELİM
_c
ÖZGÜR BALPINAR
260
_b
GENÇ TİMAŞ
999
_c
643366
_d
643366